000 00724nam a22002177a 4500
005 20170124110010.0
010 _aA-842339
020 _c00.00
_a8172246102
035 _aA-842339
037 _bCen Lib/Ret
040 _aDPL
_bEN
082 _a333.673
_bHAJ
100 _aHajela, Kuldeep K.
_913294
245 _aA complete guide for non-resident indians /
_cby Kuldeep K. Hajela
260 _aMumbai
_bJaico Publishing House
_c1998
270 _a121, M.G. Road
_bMumbai
_e400023
300 _avarious pagings :
_c21cm(Hb)
_bill
650 _aIncome tax--Foreign income
_913296
650 _aInvestments, Foreign
_917697
942 _2ddc
_cEN
_h332.673
_mHAJ
999 _c126503
_d126503